000 00241nam a2200097Ia 4500
001 889974
005 20250826184149.0
008 250824s9999 xx 000 0 und d
245 0 _aFAUST
_cJOHANN WOLFGAG VON GORTHE
260 _bİSKELE YAYINLARI
999 _c889974
_d889974